[Event "SC Buer-Hassel 1 - SG Mengede 1"]
[Site "Verbandsklasse, Gruppe 3 2017"]
[Date "2017.12.03"]
[Round "4.5"]
[White "Bork, Sophie"]
[Black "Wingerning, Gerd"]
[Result "1-0"]
[WhiteElo "1888"]
[BlackElo "1757"]
[PlyCount "47"]
[EventDate "2017.??.??"]

1. e4 d5 2. exd5 Qxd5 3. Nf3 Nf6 4. d4 Bg4 5. Be2 e6 6. c4 Qa5+ 7. Bd2 Bb4 8.
Qb3 Bxd2+ 9. Nbxd2 Nbd7 10. O-O O-O 11. c5 Bxf3 12. Nxf3 Rab8 13. Rfd1 Nd5 14.
a3 c6 15. Nd2 N7f6 16. Nc4 Qc7 17. Qc2 Qf4 18. Ne5 Rfd8 19. b4 Ne4 20. Bd3 Ndc3
21. Re1 Rxd4 22. Nf3 Rbd8 23. Nxd4 Rxd4 24. f3 1-0

[Event "SC Buer-Hassel 1 - SG Mengede 1"]
[Site "Verbandsklasse, Gruppe 3 2017"]
[Date "2017.12.03"]
[Round "4.6"]
[White "Strohmann, Andreas"]
[Black "Kraus, Reinhard"]
[Result "1-0"]
[WhiteElo "1822"]
[BlackElo "1708"]
[PlyCount "43"]
[EventDate "2017.??.??"]

1. e4 c5 2. d4 cxd4 3. c3 dxc3 4. Nxc3 Nc6 5. Bc4 g6 6. Nf3 Bg7 7. O-O Nf6 8.
e5 Nh5 9. g4 Nxe5 10. Nxe5 Bxe5 11. Qd5 Bxh2+ 12. Kxh2 e6 13. Qd4 Qh4+ 14. Kg2
O-O 15. Rh1 Qf6 16. Qe3 b5 17. Be2 Bb7+ 18. f3 Ng7 19. Qh6 Rfc8 20. Bg5 Rc4 21.
Bxf6 Rxg4+ 22. Kf2 1-0

[Event "SC Buer-Hassel 1 - SG Mengede 1"]
[Site "Verbandsklasse, Gruppe 3 2017"]
[Date "2017.12.03"]
[Round "4.7"]
[White "Schmidt, Jonas"]
[Black "Semina, Svetlana"]
[Result "0-1"]
[WhiteElo "1637"]
[BlackElo "2126"]
[PlyCount "38"]
[EventDate "2017.??.??"]

1. e4 e5 2. Nf3 Nc6 3. Bc4 Bc5 4. c3 Qe7 5. O-O d6 6. d4 Bb6 7. Ng5 Nh6 8. Be3
O-O 9. f4 Ng4 10. Bc1 exd4 11. Qf3 h6 12. Nh3 Nf6 13. Nf2 Be6 14. Bd3 dxc3 15.
Nxc3 Ng4 16. Ncd1 Nd4 17. Qg3 f5 18. h3 Nxf2 19. Nxf2 fxe4 0-1

[Event "SC Buer-Hassel 1 - SG Mengede 1"]
[Site "Verbandsklasse, Gruppe 3 2017"]
[Date "2017.12.03"]
[Round "4.8"]
[White "Jolitz, Andreas"]
[Black "Rahner, Norbert"]
[Result "1/2-1/2"]
[WhiteElo "1665"]
[BlackElo "1657"]
[PlyCount "48"]
[EventDate "2017.??.??"]

1. c4 e5 2. Nc3 Nf6 3. e4 c6 4. d3 d6 5. Be2 Be7 6. f4 Nbd7 7. Nf3 a5 8. O-O
O-O 9. f5 Rb8 10. a4 Ng4 11. d4 exd4 12. Nxd4 Nge5 13. b3 Bg5 14. Kh1 Bxc1 15.
Rxc1 Nc5 16. Nf3 Qf6 17. Qc2 Rd8 18. Nd1 Ncd7 19. Ne3 Nxf3 20. Rxf3 Ne5 21. Rg3
Bd7 22. Rf1 Kh8 23. Rf4 Qh6 24. Rf1 b6 1/2-1/2

[Event "SV Unser Fritz 1 - SC Lünen Horstmar 1"]
[Site "Verbandsklasse, Gruppe 3 2017"]
[Date "2017.12.03"]
[Round "4.1"]
[White "Bauch, Olaf"]
[Black "Rutz, Dirk"]
[Result "0-1"]
[WhiteElo "1897"]
[BlackElo "1974"]
[PlyCount "64"]
[EventDate "2017.??.??"]

1. e4 d6 2. d4 Nf6 3. Nc3 g6 4. Bg5 Bg7 5. Qd2 h6 6. Be3 Ng4 7. Bf4 e5 8. dxe5
Nxe5 9. h4 Nbd7 10. Nf3 Nxf3+ 11. gxf3 Ne5 12. Be2 Be6 13. Be3 Qe7 14. Nd5 Bxd5
15. Qxd5 Nd7 16. c3 O-O 17. O-O-O b5 18. Rdg1 Qe5 19. Qc6 b4 20. Kc2 bxc3 21.
bxc3 Qa5 22. Ra1 Rab8 23. f4 Nc5 24. Bd4 Rb6 25. Qd5 Qa4+ 26. Kd2 Rb2+ 27. Ke3
Re8 28. f3 Qc2 29. Rhe1 Qd2+ 30. Kf2 Nd3+ 31. Kf1 Nxe1 32. Rxe1 Qxf4 0-1

[Event "SV Unser Fritz 1 - SC Lünen Horstmar 1"]
[Site "Verbandsklasse, Gruppe 3 2017"]
[Date "2017.12.03"]
[Round "4.2"]
[White "Singbeil, Holger"]
[Black "Seref, Serkan"]
[Result "1/2-1/2"]
[WhiteElo "1985"]
[BlackElo "1801"]
[PlyCount "111"]
[EventDate "2017.??.??"]

1. c4 c5 2. e3 e6 3. d4 Nf6 4. Nf3 d5 5. Nc3 Nc6 6. Be2 a6 7. b3 cxd4 8. Nxd4
Bb4 9. Bb2 Ne4 10. Rc1 Qa5 11. Qc2 Qxa2 12. O-O Bxc3 13. Bxc3 Qxc2 14. Rxc2
Nxc3 15. Rxc3 Nxd4 16. exd4 dxc4 17. bxc4 O-O 18. Bf3 Rd8 19. d5 Rb8 20. Rb1
exd5 21. Bxd5 b5 22. Rf3 Be6 23. Bxe6 fxe6 24. cxb5 axb5 25. Rfb3 Rd5 26. g3
Kf7 27. Rb4 e5 28. Kf1 Ke6 29. Ke2 g5 30. f3 Rc5 31. R1b2 Kd5 32. h4 h6 33.
hxg5 hxg5 34. Rg4 Rg8 35. f4 exf4 36. gxf4 Re8+ 37. Kd3 gxf4 38. Rxf4 Rec8 39.
Rf5+ Ke6 40. Rxc5 Rxc5 41. Kd4 Kd6 42. Rb4 Rd5+ 43. Kc3 Kc6 44. Rh4 Kc5 45. Rg4
Rf5 46. Rg3 Rf4 47. Rg5+ Kb6 48. Kb3 Ka5 49. Rg3 Rf1 50. Rh3 Rb1+ 51. Kc2 Rf1
52. Kb3 Rf5 53. Rg3 Rd5 54. Rh3 Rc5 55. Re3 Rc4 56. Re5 1/2-1/2

[Event "SV Unser Fritz 1 - SC Lünen Horstmar 1"]
[Site "Verbandsklasse, Gruppe 3 2017"]
[Date "2017.12.03"]
[Round "4.3"]
[White "Titschert, Julian"]
[Black "Mikulski, Georg"]
[Result "1/2-1/2"]
[WhiteElo "1812"]
[BlackElo "1908"]
[PlyCount "39"]
[EventDate "2017.??.??"]

1. d4 Nf6 2. c4 g6 3. Nc3 d5 4. cxd5 Nxd5 5. e4 Nxc3 6. bxc3 Bg7 7. Bc4 O-O 8.
Ne2 c5 9. h4 cxd4 10. cxd4 h5 11. a4 Nc6 12. Be3 Qa5+ 13. Kf1 Rd8 14. Qb3 e6
15. Rd1 Qc7 16. Qa2 Na5 17. Bd3 Nc6 18. Bc4 Na5 19. Bd3 Nc6 20. Bc4 1/2-1/2

[Event "SV Unser Fritz 1 - SC Lünen Horstmar 1"]
[Site "Verbandsklasse, Gruppe 3 2017"]
[Date "2017.12.03"]
[Round "4.4"]
[White "Distelrath, Oliver"]
[Black "Seref, Okan"]
[Result "1-0"]
[WhiteElo "1892"]
[BlackElo "1729"]
[Annotator "Daniel"]
[PlyCount "71"]
[EventDate "2017.??.??"]

1. e4 c5 2. Nc3 Nc6 3. f4 e6 4. Nf3 d5 5. d3 dxe4 6. dxe4 Qxd1+ 7. Kxd1 a6 8.
Be3 Nf6 9. a3 b5 10. Nd2 Bb7 11. e5 Nd5 12. Ke2 Rd8 13. Nxd5 exd5 14. Nb3 d4
15. Bd2 c4 16. Na5 Nxa5 17. Bxa5 Rd7 18. h4 Bc5 19. Rh2 O-O 20. Kd2 d3 21. cxd3
Bf2 22. Rh3 Rd4 23. Ke2 Rxf4 24. dxc4 bxc4 25. g3 Rf5 26. g4 Rf4 $11 27. Bd2
Rd4 28. Bb4 Re8 29. Kxf2 Rxg4 30. Re1 Rf4+ 31. Kg1 Re6 32. h5 h6 33. Ree3 f6
34. Bc3 fxe5 35. Bxe5 Rf5 36. Bxc4 1-0

[Event "SV Unser Fritz 1 - SC Lünen Horstmar 1"]
[Site "Verbandsklasse, Gruppe 3 2017"]
[Date "2017.12.03"]
[Round "4.5"]
[White "Atasoy, Tarik"]
[Black "Goessling, Juergen"]
[Result "1-0"]
[WhiteElo "1753"]
[BlackElo "1749"]
[Annotator "Daniel"]
[PlyCount "101"]
[EventDate "2017.??.??"]

1. e4 e6 2. d4 d5 3. Nc3 Nf6 4. Bg5 dxe4 5. Nxe4 Nbd7 6. Nf3 Be7 7. Bxf6 Nxf6
8. Bd3 Bd7 9. Qe2 Nd5 10. g3 c5 11. O-O O-O 12. Nxc5 Bc8 13. c4 Nb4 14. Be4 Qc7
15. Nb3 Bf6 16. a3 Nc6 17. Rfd1 Qb6 18. Qc2 g6 19. c5 Qc7 20. Rac1 Bd7 21. Qc3
Bg7 22. Nbd2 f5 23. Bxc6 Bxc6 24. Qe3 Bd5 25. Ne5 f4 26. Qc3 Qe7 27. f3 Qg5 28.
Ne4 Bxe4 29. fxe4 h5 30. Kh1 Bxe5 31. dxe5 h4 32. gxh4 Qxh4 33. Qf3 Rf7 34. Rg1
Kg7 35. Rg4 Qh5 36. Rcg1 Kf8 37. Qd1 Qxe5 38. Qd6+ Qxd6 39. cxd6 Ke8 40. Rxg6
Kd7 $11 41. e5 f3 42. Rg7 Raf8 43. Rxf7+ Rxf7 44. Rc1 Rf5 45. Rc7+ Kd8 46. Kg1
Rxe5 47. Rxb7 Re2 48. h4 e5 49. h5 e4 50. h6 e3 51. h7 1-0

[Event "SV Unser Fritz 1 - SC Lünen Horstmar 1"]
[Site "Verbandsklasse, Gruppe 3 2017"]
[Date "2017.12.03"]
[Round "4.6"]
[White "Tober, Julian"]
[Black "Akcapinar, Yavuz"]
[Result "1-0"]
[WhiteElo "1731"]
[BlackElo "1740"]
[Annotator "Daniel"]
[PlyCount "71"]
[EventDate "2017.??.??"]

1. e4 e6 2. d4 d5 3. Nc3 Nf6 4. Bg5 Be7 5. exd5 exd5 6. Nf3 Bg4 7. Bxf6 Bxf6 8.
Qe2+ Be7 9. Qb5+ Nd7 10. Qxb7 Rb8 11. Qxd5 Rxb2 $11 12. Bd3 O-O 13. O-O Be6 14.
Qe4 Nf6 15. Qh4 h6 16. Qf4 Bd6 $11 17. Qc1 Rb8 18. Nb5 a6 19. Nxd6 Qxd6 20. Qd2
Bg4 21. Ne5 Be6 22. c3 c5 23. Rfe1 cxd4 24. cxd4 Rfd8 25. Rad1 Bd5 26. Nc4 Qc6
27. Ne3 Qd6 28. Nf5 Qa3 29. Nxh6+ gxh6 30. Qxh6 Qd6 31. Re5 Be4 32. Rg5+ Bg6
33. Bxg6 fxg6 34. Qxg6+ Kf8 35. Qg7+ Ke8 36. Re1+ 1-0

[Event "SV Unser Fritz 1 - SC Lünen Horstmar 1"]
[Site "Verbandsklasse, Gruppe 3 2017"]
[Date "2017.12.03"]
[Round "4.7"]
[White "Hagedorn, Dirk"]
[Black "Koch, Till"]
[Result "0-1"]
[WhiteElo "1764"]
[BlackElo "1745"]
[PlyCount "30"]
[EventDate "2017.??.??"]

1. e4 e6 2. d4 d5 3. Nc3 Bb4 4. Bd2 dxe4 5. Qg4 Nf6 6. Qxg7 Rg8 7. Qh6 Rg6 8.
Qe3 Bxc3 9. Bxc3 Nc6 10. Ne2 b6 11. Nf4 Rg8 12. Bb5 Bb7 13. O-O-O Qd6 14. d5
Nxd5 15. Qxe4 Qxf4+ 0-1

[Event "SV Unser Fritz 1 - SC Lünen Horstmar 1"]
[Site "Verbandsklasse, Gruppe 3 2017"]
[Date "2017.12.03"]
[Round "4.8"]
[White "Nowicki, Heiko"]
[Black "Steinzen, Johannes"]
[Result "1/2-1/2"]
[WhiteElo "1817"]
[BlackElo "1760"]
[PlyCount "63"]
[EventDate "2017.??.??"]

1. e4 d6 2. d4 Nf6 3. Nc3 e5 4. dxe5 dxe5 5. Qxd8+ Kxd8 6. Bg5 Be6 7. O-O-O+
Nbd7 8. Nf3 Kc8 9. a3 Bc5 10. Bh4 Ng4 11. Rd2 f6 12. h3 Nh6 13. g4 Nf7 14. Na4
Be7 15. Nc3 c6 16. Rg1 g5 17. Bg3 Kc7 18. Nd4 Nd8 19. Nf5 Bxf5 20. exf5 b5 21.
Ne4 Nc5 22. Bg2 Ndb7 23. Rgd1 Rad8 24. h4 h6 25. Rxd8 Rxd8 26. Rh1 Nxe4 27.
Bxe4 Nc5 28. Bf3 Bd6 29. hxg5 hxg5 30. Rh6 Nd7 31. Be4 Kb6 32. f3 1/2-1/2

[Event "SC Rochade Rüttenscheid 1 - Hervest-Dor"]
[Site "Verbandsklasse, Gruppe 3 2017"]
[Date "2017.12.03"]
[Round "4.1"]
[White "Doering, Carsten"]
[Black "Dergatschova, Anna"]
[Result "1/2-1/2"]
[WhiteElo "1961"]
[BlackElo "2114"]
[PlyCount "39"]
[EventDate "2017.??.??"]

1. d4 d5 2. c4 Nc6 3. Nf3 Bg4 4. e3 e5 5. cxd5 Qxd5 6. Nc3 Bb4 7. Be2 Qa5 8.
Bd2 exd4 9. Nxd4 Bxe2 10. Qxe2 Nxd4 11. exd4+ Ne7 12. O-O O-O-O 13. a3 Bxc3 14.
Bxc3 Qg5 15. Qe3 Qxe3 16. fxe3 f6 17. Rfe1 Rhe8 18. e4 Nc6 19. Rad1 Ne7 20. Re2
1/2-1/2

[Event "SC Rochade Rüttenscheid 1 - Hervest-Dor"]
[Site "Verbandsklasse, Gruppe 3 2017"]
[Date "2017.12.03"]
[Round "4.2"]
[White "Lindenmaier, Reinhard"]
[Black "Hermanowski, Mark"]
[Result "1/2-1/2"]
[WhiteElo "1995"]
[BlackElo "1840"]
[PlyCount "151"]
[EventDate "2017.??.??"]

1. c4 e6 2. g3 Nc6 3. Bg2 b6 4. Nc3 Bb7 5. d4 Bb4 6. Nf3 h5 7. h4 Qe7 8. O-O
Bxc3 9. bxc3 Na5 10. Qa4 Bc6 11. Qc2 Nxc4 12. e4 O-O-O 13. a4 d5 14. Ne5 Nxe5
15. dxe5 Qc5 16. exd5 Bxd5 17. Be3 Qc6 18. Bxd5 Rxd5 19. a5 Ne7 20. axb6 axb6
21. Bg5 Kd7 22. Bxe7 Kxe7 23. Rfe1 g5 24. Qc1 gxh4 25. Qg5+ Kf8 26. Qxh4 Rh6
27. Qg5 Rg6 28. Qxh5 Kg7 29. Re3 Rc5 30. Rc1 b5 31. Qe2 Rh6 32. Qg4+ Kf8 33.
Qe4 Qd7 34. Rd3 Rd5 35. Rcd1 c6 36. c4 bxc4 37. Qxc4 Rh5 38. Qb4+ Kg7 39. Qg4+
Kh6 40. Qf4+ Kh7 41. Qe4+ Kh8 42. g4 Rh4 43. f3 Qa7+ 44. Rd4 Qa2 45. Qf4 Rxd4
46. Rxd4 Qa1+ 47. Kf2 Qb2+ 48. Ke3 Qa3+ 49. Ke4 Qe7 50. Qf6+ Qxf6 51. exf6 Kh7
52. Rc4 Kg6 53. Ke5 Rh3 54. f4 Re3+ 55. Kd4 Rg3 56. g5 Kf5 57. Rxc6 Kxf4 58.
Rxe6 Kxg5 59. Ra6 Rf3 60. Ke5 Rf5+ 61. Ke4 Rxf6 62. Ra1 Rb6 63. Rg1+ Kf6 64.
Rf1+ Ke6 65. Rh1 Rb4+ 66. Kf3 f6 67. Rh5 f5 68. Rh8 Ke5 69. Re8+ Kf6 70. Rf8+
Kg6 71. Rg8+ Kf7 72. Ra8 Re4 73. Ra6 Re6 74. Ra5 Kf6 75. Ra8 Kg7 76. Rc8
1/2-1/2

[Event "SC Rochade Rüttenscheid 1 - Hervest-Dor"]
[Site "Verbandsklasse, Gruppe 3 2017"]
[Date "2017.12.03"]
[Round "4.3"]
[White "Tig, Achmet"]
[Black "Dorgarten, Armin"]
[Result "1/2-1/2"]
[WhiteElo "1916"]
[BlackElo "1928"]
[PlyCount "49"]
[EventDate "2017.??.??"]

1. d4 g6 2. c4 Bg7 3. Nf3 d6 4. Nc3 Bg4 5. e3 Nh6 6. Be2 O-O 7. O-O e5 8. h3
exd4 9. exd4 Bxf3 10. Bxf3 Nc6 11. d5 Ne5 12. Be2 f5 13. f4 Nd7 14. Be3 Re8 15.
Bd4 Nc5 16. Bxg7 Kxg7 17. Bf3 a5 18. Nb5 Ng8 19. Qd4+ Nf6 20. g4 Kf7 21. Rfe1
Qd7 22. Rad1 fxg4 23. hxg4 Rxe1+ 24. Rxe1 Re8 25. Rxe8 1/2-1/2

[Event "SC Rochade Rüttenscheid 1 - Hervest-Dor"]
[Site "Verbandsklasse, Gruppe 3 2017"]
[Date "2017.12.03"]
[Round "4.4"]
[White "Koprek, Juergen"]
[Black "Hater, Norbert"]
[Result "1/2-1/2"]
[WhiteElo "1856"]
[BlackElo "1879"]
[PlyCount "39"]
[EventDate "2017.??.??"]

1. d4 g6 2. c4 Bg7 3. Nc3 d6 4. e4 Nc6 5. Be3 e5 6. Nge2 f5 7. d5 Nce7 8. f3
Nf6 9. Qd2 Bd7 10. Bh6 Bxh6 11. Qxh6 Kf7 12. O-O-O a6 13. Qe3 b5 14. exf5 Nxf5
15. Qd2 bxc4 16. Ng3 Qb8 17. Bxc4 Qb4 18. Nxf5 gxf5 19. Qe2 Rhg8 20. g3 1/2-1/2

[Event "SC Rochade Rüttenscheid 1 - Hervest-Dor"]
[Site "Verbandsklasse, Gruppe 3 2017"]
[Date "2017.12.03"]
[Round "4.5"]
[White "Vengels, Joachim"]
[Black "Storp, Thomas"]
[Result "1/2-1/2"]
[WhiteElo "1967"]
[BlackElo "1820"]
[PlyCount "97"]
[EventDate "2017.??.??"]

1. e4 e5 2. d4 exd4 3. Nf3 Bb4+ 4. c3 dxc3 5. Nxc3 Ne7 6. Bc4 O-O 7. O-O Bxc3
8. bxc3 Ng6 9. Ba3 d6 10. e5 Nc6 11. exd6 cxd6 12. Qxd6 Qxd6 13. Bxd6 Rd8 14.
Bc7 Rd7 15. Bg3 h6 16. Rfe1 Re7 17. Bd6 Rxe1+ 18. Rxe1 Bg4 19. Nd4 Nxd4 20.
cxd4 Rd8 21. Bg3 Rxd4 22. Bb3 Bd7 23. f3 Rd2 24. h4 h5 25. Rc1 b6 26. Rc7 a5
27. Be1 Rd6 28. Bg3 Rd3 29. Bc2 Rd2 30. Be1 Rd6 31. Bg3 Rc6 32. Bxg6 Rxg6 33.
Rxd7 Rxg3 34. Rd5 Rg6 35. Rxh5 Rc6 36. Rb5 Rc2 37. a3 Ra2 38. Rxb6 Rxa3 39.
Rb8+ Kh7 40. Kh2 Ra2 41. Kg3 a4 42. Ra8 a3 43. Ra6 f6 44. Ra5 g6 45. Ra7+ Kh6
46. Ra6 f5 47. Ra8 Ra1 48. Kf4 a2 49. Ra7 1/2-1/2

[Event "SC Rochade Rüttenscheid 1 - Hervest-Dor"]
[Site "Verbandsklasse, Gruppe 3 2017"]
[Date "2017.12.03"]
[Round "4.6"]
[White "Bruckmann, Jochen"]
[Black "Heiming, Thomas"]
[Result "0-1"]
[WhiteElo "1787"]
[BlackElo "1813"]
[Annotator "Daniel"]
[PlyCount "116"]
[EventDate "2017.??.??"]

1. e4 c5 2. d4 cxd4 3. c3 e5 4. cxd4 exd4 5. Qxd4 Nc6 6. Qd1 Nf6 7. Nc3 Bb4 8.
Bd2 O-O 9. Nge2 Re8 10. f3 d5 11. Qc2 d4 12. Nd5 Nxd5 13. exd5 Qxd5 14. Bxb4
Nxb4 15. Qd2 Qa5 16. Kf2 d3 17. Nc3 Qb6+ 18. Kg3 Bf5 19. h3 Nc2 20. Rd1 Rad8
21. Kh2 Nd4 22. Bxd3 Nxf3+ 23. gxf3 Rxd3 24. Qg2 Red8 25. Rxd3 Rxd3 26. Re1 $11
h6 27. Re2 Rd6 28. Qf2 Qxf2+ 29. Rxf2 a6 30. Re2 Kf8 31. Ne4 Bxe4 32. fxe4 Ke7
33. Kg3 Rd3+ 34. Kg4 Ke6 35. h4 Ke5 36. Rf2 f6 37. Re2 Rd1 38. b3 g6 39. Rf2
Rd4 40. Rc2 Rxe4+ 41. Kg3 Rd4 42. Rc7 b5 43. Re7+ Kf5 44. Rc7 Rd3+ 45. Kg2 g5
46. hxg5 hxg5 47. Rc5+ Kf4 48. Rc6 f5 49. Rxa6 Rd2+ 50. Kf1 g4 51. a4 bxa4 52.
bxa4 g3 53. Rf6 Ra2 54. Rf8 Rxa4 55. Rf7 Kg4 56. Kg2 Ra2+ 57. Kg1 f4 58. Rb7
Ra1+ 0-1

[Event "SC Rochade Rüttenscheid 1 - Hervest-Dor"]
[Site "Verbandsklasse, Gruppe 3 2017"]
[Date "2017.12.03"]
[Round "4.7"]
[White "Kudsin, Alexander"]
[Black "Furchtbar, Uwe"]
[Result "1/2-1/2"]
[WhiteElo "1812"]
[BlackElo "1788"]
[PlyCount "54"]
[EventDate "2017.??.??"]

1. d4 d5 2. Nf3 Nf6 3. Bf4 e6 4. e3 Be7 5. c4 O-O 6. Qc2 Nbd7 7. Nc3 c6 8. a3
a5 9. c5 b6 10. cxb6 Nxb6 11. Bd3 Ba6 12. Ne5 Bxd3 13. Nxd3 Nh5 14. Be5 f6 15.
Bg3 Rc8 16. Na4 Nxa4 17. Qxa4 c5 18. dxc5 Bxc5 19. Qg4 Qe8 20. O-O Nxg3 21.
hxg3 Rf7 22. Rac1 Rfc7 23. Rfd1 e5 24. Rc2 Bb6 25. Rxc7 Rxc7 26. Rc1 Rxc1+ 27.
Nxc1 Qc6 1/2-1/2

[Event "SC Rochade Rüttenscheid 1 - Hervest-Dor"]
[Site "Verbandsklasse, Gruppe 3 2017"]
[Date "2017.12.03"]
[Round "4.8"]
[White "Pennekamp, Manfred"]
[Black "Schmidt, Christian"]
[Result "1-0"]
[WhiteElo "1800"]
[BlackElo "1725"]
[PlyCount "53"]
[EventDate "2017.??.??"]

1. e4 e6 2. d4 d5 3. Nd2 Nf6 4. e5 Nfd7 5. c3 c5 6. Bd3 Nc6 7. Ne2 cxd4 8. cxd4
f6 9. exf6 Nxf6 10. Nf3 Bd6 11. O-O O-O 12. Nc3 a6 13. Re1 Qc7 14. h3 Kh8 15.
Be3 e5 16. dxe5 Nxe5 17. Rc1 Nc6 18. Bb1 Be6 19. a3 Bg8 20. Ne2 Ne4 21. Ned4
Rf6 22. b4 Bf4 23. Nxc6 Bxe3 24. Rxe3 Rxc6 25. Rxc6 Qxc6 26. Nd4 Qg6 27. Nf3
1-0

[Event "Oberhausener SV 2 - Dortmunder SV 1"]
[Site "Regionalliga 2017/2018"]
[Date "2018.01.21"]
[Round "5.2"]
[White "Joergens, Markus"]
[Black "Wichtrup, Jan-Louis"]
[Result "0-1"]
[WhiteElo "2004"]
[BlackElo "1960"]
[PlyCount "132"]
[EventDate "2018.??.??"]

1. Nf3 Nf6 2. c4 e6 3. g3 d5 4. Bg2 Be7 5. O-O O-O 6. b3 c5 7. Bb2 Nc6 8. e3 b6
9. Qe2 Bb7 10. Rd1 dxc4 11. bxc4 Qc7 12. Nc3 Rac8 13. d3 Rfd8 14. Ne1 Bf8 15.
f4 Qb8 16. g4 Ne7 17. h4 Bxg2 18. Nxg2 g6 19. Nb5 Bg7 20. Be5 Qa8 21. h5 Ne8
22. Bxg7 Nxg7 23. Qf2 gxh5 24. gxh5 Ngf5 25. e4 Nd4 26. Nxd4 Rxd4 27. Qh4 Kf8
28. Rd2 Ng8 29. Ne1 Rc7 30. Rg2 Qd8 31. Qg3 Nf6 32. Qg5 Ne8 33. Qg8+ Ke7 34.
Rd1 Rxe4 35. Qg5+ Nf6 36. Nf3 Rc8 37. Ne5 Qd4+ 38. Rf2 Rxe5 39. Qxe5 Rg8+ 40.
Kf1 Qxf2+ 41. Kxf2 Ng4+ 42. Kf3 Nxe5+ 43. fxe5 Rg5 44. Ke4 Rxh5 45. a4 Rh4+ 46.
Ke3 f6 47. exf6+ Kxf6 48. a5 Ke5 49. axb6 axb6 50. Rb1 Rh3+ 51. Ke2 Rh2+ 52.
Ke3 Rh3+ 53. Ke2 Kd4 54. Rxb6 Re3+ 55. Kf2 Rxd3 56. Rxe6 Kxc4 57. Re7 Kb3 58.
Rxh7 c4 59. Ke2 Rd8 60. Rb7+ Kc2 61. Re7 c3 62. Re6 Kb2 63. Rb6+ Kc1 64. Rc6 c2
65. Rc7 Re8+ 66. Kd3 Kd1 0-1

[Event "Oberhausener SV 2 - Dortmunder SV 1"]
[Site "Regionalliga 2017/2018"]
[Date "2018.01.21"]
[Round "5.3"]
[White "Wittmann, Rainer"]
[Black "Matzat, Andre"]
[Result "1-0"]
[WhiteElo "1981"]
[BlackElo "2050"]
[PlyCount "131"]
[EventDate "2018.??.??"]

1. e4 c5 2. Nf3 e6 3. d4 cxd4 4. Nxd4 a6 5. c4 Nf6 6. Nc3 Bb4 7. Bd3 Nc6 8.
Nxc6 dxc6 9. Qc2 e5 10. a3 Bc5 11. h3 Be6 12. O-O Qd7 13. Rd1 Qc7 14. Bg5 h6
15. Bxf6 gxf6 16. Bf1 Rg8 17. Kh2 h5 18. Rd2 Bd4 19. Re1 O-O-O 20. Nd1 f5 21.
Ne3 f4 22. Nf5 Bxf5 23. exf5 Rg5 24. Bd3 f3 25. g3 h4 26. Be4 hxg3+ 27. fxg3 f2
28. Rxf2 Bxf2 29. Qxf2 Rd4 30. b3 f6 31. Re2 Rg7 32. h4 Qd8 33. Kh3 Rgd7 34.
Qe3 Rd2 35. b4 Rxe2 36. Qxe2 Rd2 37. Qf3 Kc7 38. b5 axb5 39. cxb5 cxb5 40. Bxb7
Qd6 41. Be4 Ra2 42. Qb3 Rxa3 43. Qxb5 Kd8 44. Qc4 Re3 45. Qg8+ Kc7 46. Qf7+ Kb6
47. Qb7+ Kc5 48. Qa7+ Qb6 49. Qxb6+ Kxb6 50. Bg2 Ra3 51. h5 Kc5 52. Kh4 Kd4 53.
h6 Ra2 54. h7 Rxg2 55. Kh3 Rg1 56. Kh2 Rf1 57. g4 e4 58. h8=Q Ke3 59. Qxf6 Kf3
60. Qc6 Rf2+ 61. Kh3 Rf1 62. Kh4 Rh1+ 63. Kg5 Rg1 64. f6 Rxg4+ 65. Kf5 Rf4+ 66.
Ke5 1-0

[Event "Oberhausener SV 2 - Dortmunder SV 1"]
[Site "Regionalliga 2017/2018"]
[Date "2018.01.21"]
[Round "5.4"]
[White "Gerst, Michael"]
[Black "Huettemann, Karl-Heinz"]
[Result "1/2-1/2"]
[WhiteElo "1993"]
[BlackElo "1963"]
[PlyCount "26"]
[EventDate "2018.??.??"]

1. e4 c5 2. Nf3 Nf6 3. Nc3 d5 4. exd5 Nxd5 5. Bb5+ Bd7 6. Qe2 Nxc3 7. dxc3 Qb6
8. Bxd7+ Nxd7 9. b3 e6 10. O-O Be7 11. Bf4 O-O 12. Rad1 Nf6 13. c4 Rfd8 1/2-1/2

[Event "Oberhausener SV 2 - Dortmunder SV 1"]
[Site "Regionalliga 2017/2018"]
[Date "2018.01.21"]
[Round "5.5"]
[White "Brockmann, Fabian"]
[Black "Limberg, Matthias"]
[Result "1/2-1/2"]
[WhiteElo "1965"]
[BlackElo "2055"]
[PlyCount "42"]
[EventDate "2018.??.??"]

1. e4 d5 2. exd5 Qxd5 3. Nc3 Qa5 4. g3 c6 5. Bg2 Nf6 6. Nge2 Bf5 7. O-O e6 8.
d3 Be7 9. h3 h6 10. Rb1 O-O 11. a3 a6 12. Bd2 Qc7 13. g4 Bh7 14. Bf4 Bd6 15.
Bxd6 Qxd6 16. Ne4 Bxe4 17. dxe4 Qc7 18. Qd4 Rd8 19. Qe3 Nbd7 20. f4 e5 21. f5
Qb6 1/2-1/2

[Event "Oberhausener SV 2 - Dortmunder SV 1"]
[Site "Regionalliga 2017/2018"]
[Date "2018.01.21"]
[Round "5.6"]
[White "Weyh, Thomas"]
[Black "Wolff, Torsten"]
[Result "1/2-1/2"]
[WhiteElo "2000"]
[BlackElo "1901"]
[PlyCount "120"]
[EventDate "2018.??.??"]

1. d4 d5 2. c4 e6 3. Nc3 c6 4. Nf3 Bd6 5. e4 dxe4 6. Nxe4 Bb4+ 7. Bd2 Bxd2+ 8.
Qxd2 Nf6 9. Bd3 h6 10. O-O Nxe4 11. Bxe4 O-O 12. Rad1 Qf6 13. Ne5 Nd7 14. f4
Rd8 15. Qe3 Qe7 16. Qf3 f5 17. Bc2 Nxe5 18. dxe5 Rxd1 19. Rxd1 Bd7 20. Rd6 Re8
21. Qd3 Bc8 22. c5 Kf8 23. Bd1 g6 24. Qh3 Kg7 25. Qg3 Kf7 26. h4 h5 27. Qf2 Rd8
28. g3 Qc7 29. Qd4 Re8 30. b4 Re7 31. Bb3 Bd7 32. Bc4 a6 33. a3 Qc8 34. Qd3 Kg7
35. Kf2 Qc7 36. a4 Qc8 37. Qb3 Kf7 38. Ke3 Qc7 39. Qd3 Kg7 40. Qb3 Kf7 41. Bd3
Qc8 42. Kd4 Qc7 43. Be2 Kg7 44. a5 Qc8 45. Qd1 Be8 46. Ke3 Qc7 47. Bf3 Rd7 48.
Rxd7+ Qxd7 49. Qd6 Kf7 50. Kd4 Qc8 51. Kc4 Bd7 52. Kc3 Be8 53. Be2 Bd7 54. Qd1
Qd8 55. Bc4 Qc8 56. Qd3 Kg7 57. Qd6 Kf7 58. Kc2 Be8 59. Kd2 Qd7 60. Ke3 Qc8
1/2-1/2

[Event "Oberhausener SV 2 - Dortmunder SV 1"]
[Site "Regionalliga 2017/2018"]
[Date "2018.01.21"]
[Round "5.7"]
[White "Bryjak, Hans Guenther"]
[Black "Groß, Thomas"]
[Result "1-0"]
[WhiteElo "1943"]
[BlackElo "1982"]
[PlyCount "83"]
[EventDate "2018.??.??"]

1. e4 c6 2. d4 d5 3. Nc3 dxe4 4. Nxe4 Nf6 5. Nxf6+ gxf6 6. c3 h5 7. Nf3 h4 8.
Bf4 Qb6 9. Qb3 Be6 10. Qxb6 axb6 11. a3 b5 12. Be2 Nd7 13. g3 hxg3 14. fxg3 Bd5
15. O-O e5 16. Be3 Be7 17. Nd2 O-O-O 18. a4 b4 19. a5 c5 20. Nc4 Kc7 21. dxe5
Nxe5 22. Nxe5 fxe5 23. cxb4 Kb8 24. bxc5 Rc8 25. b4 Rhd8 26. Rfd1 f5 27. a6 Bf8
28. Bg5 Rd7 29. Bb5 Rcc7 30. Bxd7 Rxd7 31. Bf6 e4 32. Be5+ Ka8 33. Rd4 Bh6 34.
Kf2 e3+ 35. Ke1 Be6 36. axb7+ Kxb7 37. Rxd7+ Bxd7 38. Rd1 Kc8 39. Rd6 Bf8 40.
Rb6 Kd8 41. c6 Bc8 42. Rb8 1-0

[Event "Oberhausener SV 2 - Dortmunder SV 1"]
[Site "Regionalliga 2017/2018"]
[Date "2018.01.21"]
[Round "5.8"]
[White "Stefaniak, Christian"]
[Black "Koehler, Eckart"]
[Result "1/2-1/2"]
[WhiteElo "1908"]
[BlackElo "1852"]
[PlyCount "22"]
[EventDate "2018.??.??"]

1. e4 d5 2. exd5 Qxd5 3. Nc3 Qd8 4. d4 c6 5. Nf3 Bg4 6. Be2 e6 7. O-O Nf6 8.
Bg5 Be7 9. Re1 O-O 10. a3 Nbd7 11. Qd2 Nd5 1/2-1/2

[Event "SV Ahlen 1 - SK Sodingen/Castrop 1"]
[Site "Regionalliga 2017/2018"]
[Date "2018.01.21"]
[Round "5.1"]
[White "Tomaszewski, Roman"]
[Black "Steinle, Carsten"]
[Result "1-0"]
[WhiteElo "2223"]
[BlackElo "2167"]
[Annotator "Daniel"]
[PlyCount "42"]
[EventDate "2018.??.??"]

1. c4 Nf6 2. Nc3 b6 3. d4 e6 4. a3 d5 5. cxd5 Nxd5 6. e4 Nxc3 7. bxc3 Bb7 8.
Qg4 Nd7 9. e5 c5 10. Nf3 Qc7 11. Bd2 cxd4 12. cxd4 Qc2 13. Bb5 a6 14. Bxd7+
Kxd7 15. O-O Qe4 16. Qg3 Be7 17. Rfb1 b5 18. Bb4 Qg6 19. Qf4 Rhc8 20. Rc1 Rc4
21. Rxc4 bxc4 {Rest komplett unleserlich!} 1-0